| 000 | 01218cam a2200325 a 4500 | ||
|---|---|---|---|
| 001 | 15628791 | ||
| 003 | ARRUPE | ||
| 005 | 20130925144238.0 | ||
| 008 | 090218s2009 inu b 001 0 eng | ||
| 010 | _a 2009006989 | ||
| 015 |
_aGBA940321 _2bnb |
||
| 016 | 7 |
_a015117825 _2Uk |
|
| 020 | _a9780268026011 (pbk. : alk. paper) | ||
| 020 | _a0268026017 (pbk. : alk. paper) | ||
| 035 | _a(OCoLC)ocn290438102 | ||
| 040 |
_aDLC _cDLC _dBTCTA _dYDXCP _dUKM _dC#P _dBWX _dCDX _dDLC |
||
| 050 | 0 | 0 |
_aB765.T54 _bD475 2009 |
| 100 | 1 |
_aDeYoung, Rebecca Konyndyk. _91263 |
|
| 245 | 1 | 0 |
_aAquinas's ethics : _bmetaphysical foundations, moral theory, and theological context / _cRebecca Konyndyk DeYoung, Colleen McCluskey, and Christina Van Dyke. |
| 260 |
_aNotre Dame, Ind. : _bUniversity of Notre Dame Press, _cc2009. |
||
| 300 |
_axvi, 242 p. ; _c23 cm. |
||
| 504 | _aIncludes bibliographical references (p. 190-236) and index. | ||
| 600 | 0 | 0 |
_aThomas, _cAquinas, Saint, _d1225?-1274. _91264 |
| 650 | 0 |
_aEthics, Medieval. _91265 |
|
| 700 | 1 |
_aMcCluskey, Colleen, _d1957- _91266 |
|
| 700 | 1 |
_aDyke, Christina van, _d1972- _91267 |
|
| 906 |
_a7 _bcbc _corignew _d1 _eecip _f20 _gy-gencatlg |
||
| 942 |
_2lcc _cMONOGRAPH |
||
| 999 |
_c118045 _d118045 |
||